01016nam a22002777a 450000500170000001000130001702000220003003500130005203700160006504000120008108200260009310000400011924500560015924600410021526000470025627000530030330000210035650000200037765000580039765000260045565000470048165000220052894200350055099900190058595201340060420170123162347.0 aB-080790 c80.00a8188498076 aB-080790 bCen Lib/Ret aDPLbUR a909.917671bز ا ہ  aزاہد حسین انجم 9134388 aاسلامیستان /cزاہد حسین انجم  aIslamistan /bby Zahid Husain Anjum  a دہلیbبسمہ کتاب گھر c2003 a١٩٥٥، ترماں گیٹ b دہلیe110006 a184p. c21cm(Hb) aکتابیات  aاسلامی كنٹريج - مسكللانا.9134389 aالمنےس.9134390 aIslamic countries -- Miscellanea. 9134391 aAlmanacs.9134392 2ddccURh909.917671mز ا ہ  c108988d108988 00104070aLbLd2016-02-17eCen Lib/Retg80.00l0o909.917671 ز ا ہpB-080790r2016-02-17 00:00:00t1v80.00w2016-02-17yUR